LEADER 02095oam 2200613 450 001 9910716732303321 005 20210825144015.0 035 $a(CKB)5470000002524855 035 $a(OCoLC)48155352 035 $a(EXLCZ)995470000002524855 100 $a20011016d2001 ua 0 101 0 $aeng 135 $aurmn||||||||| 181 $ctxt$2rdacontent 182 $cc$2rdamedia 183 $acr$2rdacarrier 200 10$aMineral potential modelling of gold and silver mineralization in the Nevada Great Basin $ea GIS-based analysis using weights of evidence /$fby Mark J. Mihalasky 210 1$a[Reno, Nev.] :$cU.S. Department of the Interior, U.S. Geological Survey,$d2001. 215 $a1 online resource (449 pages in various pagings) $ccolor illustrations, color maps 225 1 $aU.S. Geological Survey open-file report ;$v01-291 320 $aIncludes bibliographical references. 517 $aMineral potential modelling of gold and silver mineralization in the Nevada Great Basin 606 $aGold ores$xGeology$zNevada 606 $aSilver ores$zNevada 606 $aGold ores$xGeology$zGreat Basin 606 $aSilver ores$zGreat Basin 606 $aGold ores$xGeology$2fast 606 $aMines and mineral resources$2fast 606 $aSilver ores$2fast 607 $aNevada$2fast 607 $aUnited States$zGreat Basin$2fast 615 0$aGold ores$xGeology 615 0$aSilver ores 615 0$aGold ores$xGeology 615 0$aSilver ores 615 7$aGold ores$xGeology. 615 7$aMines and mineral resources. 615 7$aSilver ores. 700 $aMihalasky$b Mark J$g(Mark John),$01387459 712 02$aGeological Survey (U.S.), 801 0$bGIS 801 1$bGIS 801 2$bOCLCQ 801 2$bOCLCG 801 2$bOCLCQ 801 2$bOCLCF 801 2$bOCLCO 801 2$bOCLCQ 801 2$bOCLCA 801 2$bGPO 906 $aBOOK 912 $a9910716732303321 996 $aMineral potential modelling of gold and silver mineralization in the Nevada Great Basin$93491280 997 $aUNINA LEADER 02899nas 2200961-a 450 001 996200066403316 005 20240111213018.0 011 $a1876-7621 035 $a(DE-599)ZDB2422358-X 035 $a(OCoLC)225987051 035 $a(CKB)1000000000295008 035 $a(CONSER)--2008233326 035 $a(EXLCZ)991000000000295008 100 $a20080423a20089999 s-- - 101 0 $aeng 135 $aur||||||||||| 181 $ctxt$2rdacontent 182 $cc$2rdamedia 183 $acr$2rdacarrier 200 00$aDiagnostic histopathology 210 $a[Oxford] $cElsevier$d2008- 215 $a1 online resource 300 $aRefereed/Peer-reviewed 311 $a1756-2317 606 $aHistology, Pathological$vPeriodicals 606 $aCytodiagnosis$vPeriodicals 606 $aDiagnosis, Laboratory$vPeriodicals 606 $aPathology$vPeriodicals 606 $aHistology$xTechnique$vPeriodicals 606 $aCytodiagnosis 606 $aHistology 606 $aHistology$xTechnique 606 $aCytodiagnosis 606 $aHistology 606 $aHistological Techniques 606 $aPathology 606 $aHistopathologie$vPériodiques 606 $aPathologie$vPériodiques 606 $aCytodiagnostics$vPériodiques 606 $aDiagnostics biologiques$vPériodiques 606 $aHistologie$xTechnique$vPériodiques 606 $aCytodiagnostics 606 $aHistologie 606 $aHistologie$xTechnique 606 $aHistology$xTechnique$2fast$3(OCoLC)fst00957674 606 $aHistology$2fast$3(OCoLC)fst00957668 606 $aCytodiagnosis$2fast$3(OCoLC)fst00886255 606 $aDiagnosis, Laboratory$2fast$3(OCoLC)fst00892307 606 $aHistology, Pathological$2fast$3(OCoLC)fst00957675 606 $aPathology$2fast$3(OCoLC)fst01054964 608 $aPeriodicals.$2fast 608 $aPeriodicals.$2lcgft 615 0$aHistology, Pathological 615 0$aCytodiagnosis 615 0$aDiagnosis, Laboratory 615 0$aPathology 615 0$aHistology$xTechnique 615 0$aCytodiagnosis. 615 0$aHistology. 615 0$aHistology$xTechnique. 615 12$aCytodiagnosis 615 12$aHistology 615 22$aHistological Techniques 615 22$aPathology 615 6$aHistopathologie 615 6$aPathologie 615 6$aCytodiagnostics 615 6$aDiagnostics biologiques 615 6$aHistologie$xTechnique 615 6$aCytodiagnostics. 615 6$aHistologie. 615 6$aHistologie$xTechnique. 615 7$aHistology$xTechnique. 615 7$aHistology. 615 7$aCytodiagnosis. 615 7$aDiagnosis, Laboratory. 615 7$aHistology, Pathological. 615 7$aPathology. 676 $a616.07/582 906 $aJOURNAL 912 $a996200066403316 996 $aDiagnostic histopathology$91899254 997 $aUNISA